000 00468nam a2200193 a 4500
001 1759126006796
003 ACL
005 20250929113839.0
008 250929s1996##################000#0#eng##
020 _a9780714835440
082 0 4 _a759.13
_bSAR
100 1 _aPress, Editors of Phaidon,
_eauthor.
245 1 0 _aThe Age of Elegance :
260 _bPhaidon Press,
_c1996.
300 _a156 pages
650 0 _aArt.
942 _cENGLISH
040 _aACL
_beng
_cACL
999 _c590117
_d590117